000 01657nam a2200433 i 4500
001 52562
003 KOSZ 005
005 20230119143504.0
008 060802s2006 pl a f f |000 0 pol
015 _aPB 2006/19736
020 _a8371993862
040 _aWA N
_cWA N
_dKOSZ 005/HR
046 _k2006
080 _a005.6
080 _a658.56
080 _a006.3/.8
080 _a(075.8)
100 1 _aPacana, Andrzej
_eAutor
245 1 0 _aWdrażanie i auditowanie systemów zarządzania jakością zgodnych z normą ISO 9001:2000 /
_cAndrzej Pacana, Dorota Stadnicka.
260 _aRzeszów :
_bOficyna Wydawnicza Politechniki Rzeszowskiej,
_c2006.
300 _a184 s. :
_bil. ;
_c24 cm.
380 _aKsiążki
380 _aPublikacje dydaktyczne
385 _mPoziom nauczania
_aSzkoły wyższe
388 _a2001-
490 1 _aProjektowanie i Wdrażanie Standardowych Systemów Zarządzania.
504 _aBibliogr. s. 182-184.
521 8 _aSkrypt dla studentów Wydziału Budowy Maszyn i Rolnictwa i innych wydziałów do przedmiotów z zakresu zarządzania jakością.
650 4 _aZarządzanie jakością
650 4 _aNormalizacja
650 4 _aNormy ISO 9001
655 4 _aPodręczniki akademickie
658 _aZarządzanie i marketing
700 1 _aStadnicka, Dorota
_eAutor
710 2 _aOficyna Wydawnicza Politechniki Rzeszowskiej
_4pbl.
856 _uhttp://koha.tu.koszalin.pl/cgi-bin/koha/opac-detail.pl?biblionumber=52562
_yKatalog online BPK
830 0 _aProjektowanie i Wdrażanie Standardowych Systemów Zarządzania
942 _2UKD
_cKS
999 _c52562
_d52562